Control de convencionalidad y autoprecedente interamericano

Detalles Bibliográficos
Autor principal: Sur̀ez Osma, Ingrid
Formato: eBook
Lenguaje:español
Publicado: Cha̕: Universidad de La Sabana, 2015
Materias:
Acceso en línea:Acceso restringido

MARC

LEADER 00000nam a22000007a 4500
005 20190809135257.0
007 cr|||| ||||
008 190809s2015 co |||||s|||| 00||0 spa d
020 |a 978-958-12-0417-5 
035 |a 23897 
040 |a vLex 
090 |c 9150  |d 9150 
100 1 |a Sur̀ez Osma, Ingrid 
245 1 0 |a Control de convencionalidad y autoprecedente interamericano  |h [Recurso electrn̤ico] /  |c Ingrid Sur̀ez Osma 
256 |a Servicio en ln̕ea 
260 |a Cha̕:  |b Universidad de La Sabana,  |c 2015 
300 |a 1 recurso electrn̤ico 
506 1 |a Disponible solo en los productos indicados  |d vLex Global  |d vLex Global (Academic Edition, excluding Law Schools)  |d vLex Global (U.S. Academic Edition, Law Schools)  |d vLex Global (U.S. Academic Edition, excluding Law Schools)  |d vLex Global (Academic Edition, Law Schools) 
650 0 4 |a Derecho Constitucional  |z Colombia 
650 0 4 |a Derecho Internacional  |z Colombia 
740 0 |a vLex Libros (Servicio en ln̕ea) 
856 4 0 |u http://vlex.com/source/control-convencionalidad-autoprecedente-interamericano-23897  |z Acceso restringido 
942 |c BOOK 
999 0 |a Constitutional Law 
999 0 |a International Law